00364nam a2200121Ia 4500008004100000245010300041260001700144260000900161300000800170650002300178650001200201856002900213170516s9999 xx 000 0 und d aBivalent Brain Shuttle Increases Antibody Uptake by Monovalent Binding to the Transferrin Receptor bTheranostics c2017 a7:2 xMedical Technology xMedtech uhttp://www.thno.org/v7i2